| 000 | 00460nam a2200145 a 4500 | ||
|---|---|---|---|
| 005 | 20140412111235.0 | ||
| 008 | 001115s19uu xx 00 eng d | ||
| 020 | _a0-8445-2407-7 | ||
| 050 |
_aTR(GS 421.07 _bN66 1975 |
||
| 245 |
_aGrowth in spelling, aqua book / _cWilliam N. Novicky, et. al. |
||
| 260 |
_a[s.l.] : _bLaidlaw Brothers, Publishers, _c1975. |
||
| 300 | _a144 p. | ||
| 650 | _aEnglish language -- spelling -- study and teaching | ||
| 999 |
_c102416 _d102416 |
||